Advances in mechanical systems dynamics / edited by Alberto Doria, Giovanni Boschetti, and Matteo Massaro. (Record no. 22339)

000 -LEADER
fixed length control field 00723nam a2200205 4500
020 ## - INTERNATIONAL STANDARD BOOK NUMBER
ISBN 9783039281886
022 ## - INTERNATIONAL STANDARD SERIAL NUMBER
ISSN 20763417
082 ## - DEWEY DECIMAL CLASSIFICATION NUMBER
Classification number 620.105
Item number Ad244 2020
245 ## - TITLE STATEMENT
Title Advances in mechanical systems dynamics / edited by Alberto Doria, Giovanni Boschetti, and Matteo Massaro.
260 ## - PUBLICATION, DISTRIBUTION, ETC. (IMPRINT)
Place of publication Basel, Switzerland :
Name of publisher MDPI,
Year of publication 2020.
300 ## - PHYSICAL DESCRIPTION
Number of Pages 1 online resource, vii, 226 pages :
Other physical details illustrations.
500 ## - GENERAL NOTE
General note Includes bibliographical references.
650 ## - SUBJECT ADDED ENTRY--TOPICAL TERM
Topical Term Mechanical system - Dynamics.
650 ## - SUBJECT ADDED ENTRY--TOPICAL TERM
Topical Term Robotics - Dynamics.
650 ## - SUBJECT ADDED ENTRY--TOPICAL TERM
Topical Term Vibration - Mechanical engineering.
700 ## - ADDED ENTRY--PERSONAL NAME
Personal name Alberto Doria, editor.
700 ## - ADDED ENTRY--PERSONAL NAME
Personal name Giovanni Boschetti, editor.
700 ## - ADDED ENTRY--PERSONAL NAME
Personal name Matteo Massaro, editor.
942 ## - ADDED ENTRY ELEMENTS (KOHA)
Koha item type Electronic Books
Holdings
Source of acquisition Permanent Location Date acquired Collection code Koha item type Lost status Shelving location Withdrawn status Current Location Full call number
DonationCagayan State University - Carig Library2026-04-14E-BooksElectronic Books E-Resource Section Cagayan State University - Carig Library620.105 Ad244 2020

Cagayan State University University Library, Carig Campus
Tuguegarao City, Cagayan 3500 | www.csucarig.edu.ph

Powered by Koha